| 000 | 00644nam a2200253Ia 4500 | ||
|---|---|---|---|
| 001 | 2895 | ||
| 005 | 20240113233600.0 | ||
| 007 | ta | ||
| 008 | 050315s1990 a g b000 u hin u | ||
| 020 | _cHB | ||
| 040 | _aGeneral Stack | ||
| 041 | _ahin | ||
| 082 |
_a891.4309 _bSi 61 Di |
||
| 100 | _aSinha, Sabitri . | ||
| 245 | 0 |
_aDinkar / _cSabitri Sinha. _hTextual Documents |
|
| 250 | _a3rd ed / | ||
| 260 |
_aNew Delhi : _bRadhakrishna PrakashaN Pvt. Ltd . , _c1990. |
||
| 300 |
_a237p. : _bill ; _c22cm. . |
||
| 653 | _aHindi Literally Criticism | ||
| 942 |
_2ddc _cBK |
||
| 999 |
_c2883 _d2883 |
||